000 04651cam a22018014i 4500
003 PE-LiUPU
005 20260219062631.0
008 160921s r 000 0 spa d
035 _a(Sirsi) a163626
040 _aPE-LiUPU
_bspa
_cPE-LiUPU
_dPE-LiUPU
_erda
049 _aPRUA
082 1 _a658.42
_bA11 AJE
_220
100 1 _aYonz Martínez, Antonio
245 _aAJE :
_bhacer empresa haciendo el bien, Fundación Eduardo y Mirtha Añaños/
_c[Textos: Antonio Yonz Martínez].
264 _a[Lima] :
_bGráfica biblos,
_c[2001].
300 _a64 páginas :
_bilustaciones :
_c27 centimetros
336 _atext
_2rdacontent
337 _aunmediated
_2rdamedia
338 _avolume
_2rdacarrier
505 0 _aTransmitir valores --¿Por qué existe la fundación? -- Los tres ejes de la fundación --¿Que mensaje transmitir a las familias? -- Una multitud motivada -- Ensañando a pescar -- El emprendimiento como eje de desarrollo -- ¿Se han obtenido resultados? -- El audaz mozo de Chepén -- La visión y dedicación de un piurano -- La empresa decidida y tenaz -- El emprendedor que emigró a Trujillo -- ¿Se esta trabajando para el futuro? -- Siembra para el futuro -- La asistencia técnca -- ¿Es posible hacer empresa buscando hacer el bien? -_ Levantando la moral.
526 _aP203
526 _aP200
526 _aSEG65
526 _aSEG64
526 _aSEG63
526 _aSEG62
526 _aSEG61
526 _aSEG60
526 _aSEG59
526 _aSEG58
526 _aSEG57
526 _aSEG56
526 _aSEG55
526 _aSEG54
526 _aSEG53
526 _aSEG52
526 _aSEG51
526 _aSEG50
526 _aSEG49
526 _aSEG48
526 _aSEG47
526 _aSEG46
526 _aSEG24
526 _aSEG23
526 _aSEG22
526 _aSEG21
526 _aSEG20
526 _aSEG19
526 _aSEG18
526 _aSEG17
526 _aSEG16
526 _aSEG14
526 _aSEG13
526 _aSEG12
526 _aSEG11
526 _aSEG10
526 _aSEG09
526 _aSEG06
526 _aSEG05
526 _aSEG04
526 _aSEG03
526 _aSEG02
526 _aSEG68
526 _aSEG66
526 _aSEG45
526 _aSEG25
526 _aSEG01
526 _aP163
526 _aP162
526 _aP161
526 _aP160
526 _aP159
526 _aP158
526 _aP157
526 _aP156
526 _aP155
526 _aP154
526 _aP153
526 _aP152
526 _aP151
526 _aP150
526 _aP149
526 _aP142
526 _aP141
526 _aP140
526 _aP139
526 _aP138
526 _aP137
526 _aP132
526 _aP131
526 _aP130
526 _aP126
526 _aP125
526 _aP124
526 _aP123
526 _aP115
526 _aP122
526 _aP121
526 _aP116
526 _a P114
526 _aP112
526 _aP111
526 _aP104
526 _aP103
526 _aP102
526 _aP101
526 _aP100
526 _aP96
526 _aP95
526 _aP93
526 _aP92
526 _aP91
526 _aP88
526 _aP83
526 _aP82
526 _aP79
526 _aP78
526 _aP75
526 _aP74
526 _aP71
526 _aP69
526 _a P51
526 _aP49
526 _aP48
526 _aP47
526 _aP33
526 _aP31
526 _a P30
526 _aP29
526 _aP27
526 _aP26
526 _aP25
526 _aP24
526 _a P22
526 _aP10
526 _aP09
526 _a P08
526 _aP06
526 _aP05
526 _aP04
526 _aP01
650 1 4 _aEmpresarios industriales.
650 2 4 _aAdministración industrial.
_94985
650 2 0 _aÉxito en los negocios
_91366
710 2 _aAsociación de Jovenes Empresarios (AJE).
910 _ajck
_bjos
_cjck
_d20160921
942 _2ddc
_cBOOK
949 _a658.42 A11 AJE
_wDEWEY
_c1
_i74445
_lCATALOGING
_mBUL
_p20.00
_r0
_sY
_tBOOK
_u2016-08-21
_xFCE
_PP04
_0COMPRA
_o.CIRCNOTE. El documento es de alto precio.
_o.STAFF. Colección Ciencias Empresariales
994 _aC0
_bPEPRU
596 _a1
999 _a658.42 A11 AJE
_wDEWEY
_c12490
_i74445
_d12490
_e2019-4-8
_f2021-11-8
_g6
_lCCODEBUL1
_mBUL
_n2
_p20.00
_r0
_sY
_tBOOK
_u2016-9-21
_xFCE
_zP04
_0COMPRA
_o.STAFF. Colección Ciencias Empresariales
980 _8
_gCRON CRON